Statistics for African Island Countries

Click here to take the quiz!

General Stats

  • This quiz has been taken 27,458 times
    (27,444 since last reset)
  • The average score is 5 of 6

Answer Stats

Country% Correct
Madagascar
98%
Seychelles
92%
Cape Verde
91%
Mauritius
88%
São Tomé and Príncipe
87%
Comoros
85%

Score Distribution

Percentile by Number Answered

Percent of People with Each Score

Your Score History

You have not taken this quiz since the last reset